000 00356 a2200109 4500
001 ART_41614
005 20260410161755.0
008 260409a
245 1 0 _aAportes de la Corte Suprema para el control de razonabilidad de las presunciones
100 1 _aMohadeb, Sergio
773 0 _tDoctrina tributaria
_g- NÂș 374 (may. 2011)
_wREV4296
999 _c20004
_d20004